De la gente universitaria

Tallennettuna:
Bibliografiset tiedot
Päätekijä: Gutiérrez Carranza, Claudio
Aineistotyyppi: Kirja
Kieli:Undetermined
Julkaistu: San José, Costa Rica Universidad de Costa Rica 1982
Aiheet:
Tagit: Lisää tagi
Ei tageja, Lisää ensimmäinen tagi!

MARC

LEADER 00000nam a2200000Ia 4500
008 170316s9999 xx 000 0 und d
040 |a cru BVZT 
090 |a 868 G-25d 
100 |a Gutiérrez Carranza, Claudio 
245 |a De la gente universitaria  |c Claudio Gutiérrez Carranza 
260 |a San José, Costa Rica 
260 |b Universidad de Costa Rica 
260 |c 1982 
300 |a 237 páginas 
650 |a LITERATURA COSTARRICENSE 
650 |a UNIVERSIDAD DE COSTA RICA 
942 |c 15 D 
999 |c 11152  |d 11152